Score 0/20 Timer 03:00
1 Play Today
Movie Answer % Correct
___ Will HuntingGood
98.2%
___ Private RyanSaving
97.8%
Home ___Alone
97.6%
James and the ___ PeachGiant
95.4%
___ InstinctBasic
93.1%
___ with WolvesDances
92.7%
Patch ___Adams
92.1%
A ___ Runs Through ItRiver
92%
Sense and ___Sensibility
91.1%
The ___ PatientEnglish
89.8%
Movie Answer % Correct
The Cider House ___Rules
88%
The Preacher's ___Wife
86.9%
L.A. ___Confidential
83.6%
The ___ Mr. RipleyTalented
78.3%
___ 13 Apollo
76.3%
The Remains of the ___Day
71.5%
The ___ of EgyptPrince
69.8%
The Age of ___Innocence
68.2%
Life Is ___Beautiful
65%
Unstrung ___Heroes
57%

Today's Daily Dose

Missing Word
Lizzo Songs

Get the Picture
The Longest Rivers

Remove Ads.
Support Sporcle.
Get the best of Sporcle when you Go Orange. This ad-free experience offers more features, more stats, and more fun while also helping to support Sporcle. Thank you for becoming a member.

You're not logged in!

Compare scores with friends on all Sporcle quizzes.
OR
Log In

Show Comments

Extras

Top Quizzes Today


Score Distribution

Your Account Isn't Verified!

In order to create a playlist on Sporcle, you need to verify the email address you used during registration. Go to your Sporcle Settings to finish the process.

Report this User

Report this user for behavior that violates our Community Guidelines.

Details: